Strategic mapping process of industrial companies
Podnikové strategické mapy, ktoré predstavujú nástroj pre úspešnú tvorbu podnikovej stratégie. Strategická mapa je založená na súčasnej situácii podniku a určuje ciele, ktoré by mali byť v podniku dosiahnuté a tiež spôsoby, ako dosiahnuť tieto ciele.
Saved in:
| Main Author: | |
|---|---|
| Other Authors: | |
| Format: | Book Chapter |
| Language: | English |
| Subjects: | |
| Tags: |
No Tags, Be the first to tag this record!
|
MARC
| LEADER | 00000naa a2200000 4500 | ||
|---|---|---|---|
| 001 | 0183959 | ||
| 005 | 20220719071509.8 | ||
| 041 | 0 | |a eng | |
| 044 | |a SK | ||
| 245 | 1 | 0 | |a Strategic mapping process of industrial companies |c Jaroslava Kádárová, Renáta Turisová |
| 520 | |a Podnikové strategické mapy, ktoré predstavujú nástroj pre úspešnú tvorbu podnikovej stratégie. Strategická mapa je založená na súčasnej situácii podniku a určuje ciele, ktoré by mali byť v podniku dosiahnuté a tiež spôsoby, ako dosiahnuť tieto ciele. | ||
| 610 | 2 | 0 | |a mapy |
| 610 | 2 | 0 | |a podnik priemyselný |
| 610 | 2 | 0 | |a stratégia podniková |
| 610 | 2 | 0 | |a stratégia podnikateľská |
| 100 | 1 | |a Kádárová, Jaroslava | |
| 700 | 1 | |a Turisová, Renáta | |